000 01004nam a2200277Ia 4500
001 Para_10408
003 CHAP
008 220125sJuni xx 000 0 und d
010 _a209088
040 _cCHAP
090 _aPA CD - TESIS 432
100 _aRangel Castillo, Ana Eugenia
_9129708
245 _aPatogénesis y caracterización de especies de Fusarium asociadas al "amarillamiento o madurez prematura" de trigo Triticum aestivum) /
_c Ana Eugenia Rangel Castillo; Director Héctor Lozoya Saldaña
260 _aChapingo, Méx. :
_b el autor
300 _a1 CDS ROM (77 p.)
502 _aTesis (M.C. en Protección Vegetal). UACh. Departamento Parasitología Agrícola
700 _aLozoya Saldaña, Héctor. Director
_9171334
710 _aUACh Departamento Parasitología Agrícola
901 _aPA CD - TESIS 432
902 _aA
905 _a513220Junio, 2015 anm 8100000000 06
910 _aJuni
942 _cPARA
942 _cPARA
_d2
999 _c209088
_d209088